<?xml version="1.0" encoding="UTF-8"?>
<record
    xmlns:xsi="http://www.w3.org/2001/XMLSchema-instance"
    xsi:schemaLocation="http://www.loc.gov/MARC21/slim http://www.loc.gov/standards/marcxml/schema/MARC21slim.xsd"
    xmlns="http://www.loc.gov/MARC21/slim">

  <leader>03202nam a2200313 i 4500</leader>
  <controlfield tag="003">CSPC</controlfield>
  <controlfield tag="005">20250520112844.0</controlfield>
  <controlfield tag="008">250520s2024    ph a     b    000 0 eng d</controlfield>
  <datafield tag="040" ind1=" " ind2=" ">
    <subfield code="a">CSPC</subfield>
    <subfield code="b">eng</subfield>
    <subfield code="c">CSPC</subfield>
    <subfield code="e">rda</subfield>
  </datafield>
  <datafield tag="090" ind1=" " ind2=" ">
    <subfield code="a">MTH MAN Z131c 2024</subfield>
  </datafield>
  <datafield tag="100" ind1="1" ind2=" ">
    <subfield code="a">Zagala, Gina N.</subfield>
    <subfield code="e">author.</subfield>
  </datafield>
  <datafield tag="245" ind1="1" ind2="0">
    <subfield code="a">Competencies of entry-level nurses towards quality nursing care in the hospitals of Rinconada:</subfield>
    <subfield code="b">basis for onboarding training program /</subfield>
    <subfield code="c">Gina N. Zagala</subfield>
  </datafield>
  <datafield tag="300" ind1=" " ind2=" ">
    <subfield code="a">171 leaves.</subfield>
  </datafield>
  <datafield tag="336" ind1=" " ind2=" ">
    <subfield code="2">rdacontent</subfield>
    <subfield code="a">text</subfield>
  </datafield>
  <datafield tag="337" ind1=" " ind2=" ">
    <subfield code="2">rdamedia</subfield>
    <subfield code="a">unmediated</subfield>
  </datafield>
  <datafield tag="338" ind1=" " ind2=" ">
    <subfield code="2">rdacarrier</subfield>
    <subfield code="a">volume</subfield>
  </datafield>
  <datafield tag="502" ind1=" " ind2=" ">
    <subfield code="a">Masters Thesis (MAN) - Nursing</subfield>
    <subfield code="c">Camarines Sur Polytechnic Colleges, 2024</subfield>
  </datafield>
  <datafield tag="504" ind1=" " ind2=" ">
    <subfield code="a">Includes bibliographic references.</subfield>
  </datafield>
  <datafield tag="520" ind1="3" ind2=" ">
    <subfield code="a">The study aimed to assess the competencies of entry-level nurses towards quality nursing care in the hospitals of Rinconada which served as a basis for developing an onboarding training program. The research employed a descriptive-correlational design and gathered data from five privately-owned hospitals in Rinconada area. The hospitals were selected using stratified random sampling, and total enumeration was used to identify the entry-level nurse respondents.

Findings showed that the majority of the workforce is composed of females aged 25 to 34 years, who are the youngest in the family, with most holding bachelor's degrees and fell within the 10,001 to 20,000 pesos family monthly income bracket. These findings highlight a relatively young group of nurses entering the profession. Competency areas such as patient care prioritization, decision making, assessment and identifying and addressing medication errors were strongly demonstrated in the study however gaps were identified in the areas of stress management, emotional support, and advanced clinical procedures. While factors affecting nurse competencies are confidence in basic nursing skills, access to resources, and the presence of a collaborative work environment. In contrast, the profile was found to have no significant relationship with the identified competencies.

The study revealed that addressing these gaps through structured onboarding programs is necessary for enhancing competencies and quality care delivery among entry-level nurses. Recommendations were made to implement mentorship initiatives, gender-sensitive training, and resource allocation for skill development and stress management. Additionaly, an action plan was designed to address these challenges, aiming to create a supportive environment that bridges competency gaps and promotes professional growth. By addressing key competency areas, factors and promoting continuous professional growth, the study underscores the importance of equipping entry-level nurses to meet the demands of quality nursing care effectively in the Rinconada area.</subfield>
  </datafield>
  <datafield tag="650" ind1=" " ind2=" ">
    <subfield code="a">Training program</subfield>
    <subfield code="2"> </subfield>
  </datafield>
  <datafield tag="650" ind1=" " ind2=" ">
    <subfield code="a">Entry-level nurses</subfield>
  </datafield>
  <datafield tag="651" ind1=" " ind2=" ">
    <subfield code="a">Rinconada</subfield>
  </datafield>
  <datafield tag="720" ind1=" " ind2=" ">
    <subfield code="a">Monge, Abigail F.</subfield>
    <subfield code="e">adviser.</subfield>
  </datafield>
  <datafield tag="720" ind1=" " ind2=" ">
    <subfield code="a">Malabanan, Leni M.</subfield>
    <subfield code="e">chair, panelist.</subfield>
  </datafield>
  <datafield tag="720" ind1=" " ind2=" ">
    <subfield code="a">Oida, Naneth O.</subfield>
    <subfield code="e">panelist.</subfield>
  </datafield>
  <datafield tag="720" ind1=" " ind2=" ">
    <subfield code="a">Caba&#xF1;es, Robert A.</subfield>
    <subfield code="e">panelist.</subfield>
  </datafield>
  <datafield tag="942" ind1=" " ind2=" ">
    <subfield code="2">ddc</subfield>
    <subfield code="n">0</subfield>
    <subfield code="h">Z131c</subfield>
    <subfield code="c">UM</subfield>
    <subfield code="i">MAN</subfield>
    <subfield code="k">MTH</subfield>
    <subfield code="m">2024</subfield>
  </datafield>
  <datafield tag="952" ind1=" " ind2=" ">
    <subfield code="0">0</subfield>
    <subfield code="1">0</subfield>
    <subfield code="2">ddc</subfield>
    <subfield code="4">0</subfield>
    <subfield code="7">0</subfield>
    <subfield code="a">CSPC</subfield>
    <subfield code="b">CSPC</subfield>
    <subfield code="c">GRD</subfield>
    <subfield code="d">2025-05-20</subfield>
    <subfield code="l">0</subfield>
    <subfield code="o">MTH MAN Z131c 2024</subfield>
    <subfield code="p">006594UM</subfield>
    <subfield code="r">2025-05-20 11:29:51</subfield>
    <subfield code="t">1 - 1</subfield>
    <subfield code="w">2025-05-20</subfield>
    <subfield code="y">UM</subfield>
  </datafield>
  <datafield tag="999" ind1=" " ind2=" ">
    <subfield code="c">29635</subfield>
    <subfield code="d">29635</subfield>
  </datafield>
</record>
